Score 0/10 Timer 03:00
0 Plays Today
Border % Correct
United States - Canada
95.1%
United States - Mexico
94.9%
North Korea - South Korea
76.3%
Mexico - Guatemala
74.7%
Mexico - Belize
62.9%
Russia - China
58.5%
North Korea - China
56.7%
North Korea - Russia
50.6%
Papua New Guinea - Indonesia
47.6%
Guatemala - Belize
45.7%
Remove Ads.
Support Sporcle.
Get the best of Sporcle when you Go Orange. This ad-free experience offers more features, more stats, and more fun while also helping to support Sporcle. Thank you for becoming a member.

You're not logged in!

Compare scores with friends on all Sporcle quizzes.
OR
Log In

Show Comments

Extras

Top Quizzes Today


Score Distribution

Your Account Isn't Verified!

In order to create a playlist on Sporcle, you need to verify the email address you used during registration. Go to your Sporcle Settings to finish the process.

Report this User

Report this user for behavior that violates our Community Guidelines.

Details: